| 000 | 00890nam a2200337Ia 4500 | ||
|---|---|---|---|
| 005 | 20260514124423.0 | ||
| 008 | 008 261405s9999 xx 000 0 eng d | ||
| 037 | _aThesis | ||
| 040 | _aCRL | ||
| 040 | _beng | ||
| 040 | _cCRL | ||
| 041 | _2eng | ||
| 041 | _aeng | ||
| 084 | _qCRL | ||
| 100 |
_aVaish Dr.Hans _91239945 |
||
| 245 | 0 | _aStudy the Correlation Between Inferior Vena Cava Compressibility Index Inferior Vena Cava Diameter to Central Venous Pressure in Children with Shock. | |
| 260 | _aDelhi | ||
| 260 | _bUniversity of Delhi | ||
| 260 | _c2015 | ||
| 300 | _a89p. | ||
| 502 | _bPh.D. | ||
| 502 | _cUniversity of Delhi | ||
| 502 | _d2015 | ||
| 541 | _oThesis | ||
| 650 |
_aPediatrics _91239905 |
||
| 700 |
_aDr.Ramanand _91239946 |
||
| 700 |
_aDr.Virendra Kumar _91239928 |
||
| 710 | _aPediatrics | ||
| 942 | _cTH | ||
| 999 |
_c1851857 _d1851857 |
||